Taking the Mystery Out of TQM: (Record no. 593677)

000 -LEADER
fixed length control field 00401nam a22001217a 4500
020 ## - INTERNATIONAL STANDARD BOOK NUMBER
International Standard Book Number 1564141055
082 ## - DEWEY DECIMAL CLASSIFICATION NUMBER
Classification number 658.4013
Author Mark CAP
100 ## - MAIN ENTRY--PERSONAL NAME
Personal name Capezio, Peter
9 (RLIN) 110231
245 ## - TITLE STATEMENT
Title Taking the Mystery Out of TQM:
Remainder of title a practical guide to total quality management /
Statement of responsibility, etc. Peter Capezio & Debra Morehouse
260 ## - PUBLICATION, DISTRIBUTION, ETC.
Place of publication, distribution, etc. USA,
Name of publisher, distributor, etc. Book Mart Press,
Date of publication, distribution, etc. 1993.
300 ## - PHYSICAL DESCRIPTION
Extent xii, 290p. ;
Other physical details Paperback,
Dimensions 23cm.
942 ## - ADDED ENTRY ELEMENTS (KOHA)
Source of classification or shelving scheme
Koha item type Book
Holdings
Withdrawn status Lost status Source of classification or shelving scheme Damaged status Not for loan Permanent Location Current Location Shelving location Date acquired Total Checkouts Full call number Barcode Date last seen Price effective from Koha item type
          School of Mechanical & Manufacturing Engineering (SMME) School of Mechanical & Manufacturing Engineering (SMME) General Stacks 03/14/2023   658.4013 CAP SMME-3773 03/14/2023 03/14/2023 Book
© 2023 Central Library, National University of Sciences and Technology. All Rights Reserved.